Cálculo en varias variables
Furkejuvvon:
| Váldodahkki: | |
|---|---|
| Materiálatiipa: | Girji |
| Giella: | espánnjágiella |
| Almmustuhtton: |
Valparaíso
Universidad Católica de Valparaíso
1990
|
| Preanttus: | 2a. ed |
| Fáttát: | |
| Fáddágilkorat: |
Lasit fáddágilkoriid
Eai fáddágilkorat, Lasit vuosttaš fáddágilkora!
|
MARC
| LEADER | 00000nam a2200000 a 4500 | ||
|---|---|---|---|
| 001 | UCV4283 | ||
| 003 | CL-VaPUC | ||
| 008 | 910426e19900000CL |||||||||||||||||spa|d | ||
| 082 | 0 | 4 | |a 515.33 |b VAR |2 21 |
| 100 | |a Varas Gómez, Juan |e author |9 741455 | ||
| 245 | 1 | 0 | |a Cálculo en varias variables |
| 250 | |a 2a. ed | ||
| 300 | |a 239 p | ||
| 942 | |c BK | ||
| 945 | |d 19910426 00:00:00 | ||
| 260 | |a Valparaíso |b Universidad Católica de Valparaíso |c 1990 | ||
| 650 | 0 | |a Cálculo diferencial |9 260102 | |
| 583 | |a last modification |c 20171130 16:21:13 |k Rodrigo Vera | ||
| 999 | |c 211198 |d 211196 | ||
| 952 | |0 0 |1 0 |4 0 |6 515_330000000000000_VAR_1990 |7 0 |8 A |9 189581 |a BIBGIM |b BIBGIM |d 2019-11-14 |i 2572443 |o 515.33 VAR 1990 |p 2572443 |r 2025-01-15 |w 2019-11-14 |y BK |k COM | ||
| 952 | |0 0 |1 0 |4 0 |6 515_330000000000000_VAR_1990 |7 0 |8 A |9 189582 |a BIBGIM |b BIBGIM |d 2019-11-14 |i 2572451 |o 515.33 VAR 1990 |p 2572451 |r 2025-01-15 |w 2019-11-14 |y BK |k COM | ||
| 952 | |0 0 |1 0 |4 0 |6 515_330000000000000_VAR_1990 |7 0 |8 A |9 189583 |a BIBGIM |b BIBGIM |d 2019-11-14 |i 2572478 |o 515.33 VAR 1990 |p 2572478 |r 2025-01-15 |w 2019-11-14 |y BK |k COM | ||
| 952 | |0 0 |1 0 |4 0 |6 515_330000000000000_VAR_1990 |7 0 |8 A |9 189584 |a BIBGIM |b BIBGIM |d 2019-11-14 |i 2572486 |o 515.33 VAR 1990 |p 2572486 |r 2025-01-15 |w 2019-11-14 |y BK |k COM | ||
| 952 | |0 0 |1 0 |4 0 |6 515_330000000000000_VAR_1990 |7 0 |8 A |9 189589 |a BIBGIM |b BIBGIM |d 2019-11-14 |i 3179575 |o 515.33 VAR 1990 |p 3179575 |r 2025-01-15 |w 2019-11-14 |y BK |k COM | ||